A hand on my shoulder/ (Record no. 119245)
[ view plain ]
| 000 -LEADER | |
|---|---|
| fixed length control field | 01163cam a2200373Ia 4500 |
| 001 - CONTROL NUMBER | |
| control field | 4794663 |
| 003 - CONTROL NUMBER IDENTIFIER | |
| control field | ARRUPE |
| 005 - DATE AND TIME OF LATEST TRANSACTION | |
| control field | 20131213114915.0 |
| 008 - FIXED-LENGTH DATA ELEMENTS--GENERAL INFORMATION | |
| fixed length control field | 040712s2004 miu 000 0aeng d |
| 020 ## - INTERNATIONAL STANDARD BOOK NUMBER | |
| International Standard Book Number | 0879073411 (v. 1) |
| 020 ## - INTERNATIONAL STANDARD BOOK NUMBER | |
| International Standard Book Number | 087907342X (v. 2) |
| 020 ## - INTERNATIONAL STANDARD BOOK NUMBER | |
| International Standard Book Number | 0879073535 (set) |
| 035 ## - SYSTEM CONTROL NUMBER | |
| System control number | (OCoLC)55891817 |
| 035 ## - SYSTEM CONTROL NUMBER | |
| System control number | (OCoLC)ocm55891817 |
| 035 ## - SYSTEM CONTROL NUMBER | |
| System control number | (NNC)4794663 |
| 040 ## - CATALOGING SOURCE | |
| Original cataloging agency | XII |
| Transcribing agency | XII |
| 041 1# - LANGUAGE CODE | |
| Language code of text/sound track or separate title | eng |
| Language code of original and/or intermediate translations of text | nor |
| 043 ## - GEOGRAPHIC AREA CODE | |
| Geographic area code | e-no--- |
| 050 ## - LIBRARY OF CONGRESS CALL NUMBER | |
| Classification number | BX4705 |
| Item number | .G76.A3 |
| 090 ## - LOCALLY ASSIGNED LC-TYPE CALL NUMBER (OCLC); LOCAL CALL NUMBER (OCLC) | |
| Classification number (OCLC) (R) ; Classification number, CALL (RLIN) (NR) | BX4705.G617576 |
| Local cutter number (OCLC) ; Book number/undivided call number, CALL (RLIN) | A313 2004 |
| 300 ## - PHYSICAL DESCRIPTION | |
| Dimensions | 23 cm. |
| 100 1# - MAIN ENTRY--PERSONAL NAME | |
| Personal name | Gran, John W., |
| Dates associated with a name | 1920-2008. |
| 9 (RLIN) | 5658 |
| 240 10 - UNIFORM TITLE | |
| Uniform title | <a href="Hånd på skulder.">Hånd på skulder.</a> |
| Language of a work | English |
| 245 12 - TITLE STATEMENT | |
| Title | A hand on my shoulder/ |
| Statement of responsibility, etc | John Willem Gran. |
| 260 ## - PUBLICATION, DISTRIBUTION, ETC. (IMPRINT) | |
| Place of publication, distribution, etc | Kalamazoo, Mich. : |
| Name of publisher, distributor, etc | Cistercian Publications, |
| Date of publication, distribution, etc | c2004. |
| 300 ## - PHYSICAL DESCRIPTION | |
| Extent | 2 vol. |
| 490 1# - SERIES STATEMENT | |
| Series statement | Cistercian studies series ; |
| Volume number/sequential designation | no. 203 |
| 500 ## - GENERAL NOTE | |
| General note | v. 1. From atheist to monk -- v. 2. Monk and bishop. |
| 600 10 - SUBJECT ADDED ENTRY--PERSONAL NAME | |
| Personal name | Gran, John W., |
| Dates associated with a name | 1920-2008. |
| 9 (RLIN) | 5659 |
| 610 20 - SUBJECT ADDED ENTRY--CORPORATE NAME | |
| Corporate name or jurisdiction name as entry element | Catholic Church |
| Geographic subdivision | Norway |
| General subdivision | Bishops |
| Form subdivision | Biography. |
| 9 (RLIN) | 5660 |
| 830 #0 - SERIES ADDED ENTRY--UNIFORM TITLE | |
| Uniform title | Cistercian studies series ; |
| Volume number/sequential designation | no. 203. |
| 9 (RLIN) | 5661 |
| 942 ## - ADDED ENTRY ELEMENTS (KOHA) | |
| Source of classification or shelving scheme | Library of Congress Classification |
| Koha item type | Monograph ( Printed materials) |
| 948 2# - LOCAL PROCESSING INFORMATION (OCLC); SERIES PART DESIGNATOR (RLIN) | |
| Series part designator, SPT (RLIN) | 20070403 |
| b (OCLC) | a |
| c (OCLC) | rch2 |
| d (OCLC) | MPS |
| Withdrawn status | Lost status | Source of classification or shelving scheme | Damaged status | Not for loan | Home library | Current library | Shelving location | Date acquired | Total Checkouts | Full call number | Barcode | Date last seen | Price effective from | Koha item type |
|---|---|---|---|---|---|---|---|---|---|---|---|---|---|---|
| Library of Congress Classification | ARRUPE LIBRARY | ARRUPE LIBRARY | Main Collection | 13/12/2013 | BX4705 .G76.A3 | 464122997 | 22/11/2017 | 13/12/2013 | Monograph ( Printed materials) | |||||
| Library of Congress Classification | ARRUPE LIBRARY | ARRUPE LIBRARY | Main Collection | 13/12/2013 | BX4705 .G76.A3 | 464122996 | 22/11/2017 | 13/12/2013 | Monograph ( Printed materials) |